Make it move! / (Record no. 3170)

MARC details
000 -LEADER
fixed length control field 00888nam a22002777a 4500
001 - CONTROL NUMBER
control field 3170
003 - CONTROL NUMBER IDENTIFIER
control field FISKH
005 - DATE AND TIME OF LATEST TRANSACTION
control field 20240215110100.0
008 - FIXED-LENGTH DATA ELEMENTS--GENERAL INFORMATION
fixed length control field 240215b cb ||||| |||| 00| 0 eng d
020 ## - INTERNATIONAL STANDARD BOOK NUMBER
International Standard Book Number 9780545591355
040 ## - CATALOGING SOURCE
Original cataloging agency FISKH
Language of cataloging eng
Transcribing agency FISKH
Modifying agency FISKH
050 ## - LIBRARY OF CONGRESS CALL NUMBER
Classification number QC73.C36
082 ## - DEWEY DECIMAL CLASSIFICATION NUMBER
Classification number 531.6
100 ## - MAIN ENTRY--PERSONAL NAME
Personal name Canizares, Susan
245 ## - TITLE STATEMENT
Title Make it move! /
Remainder of title by Canizares, Susan and Chessen, Betsey
260 ## - PUBLICATION, DISTRIBUTION, ETC.
Place of publication, distribution, etc. New York :
Name of publisher, distributor, etc. Scholastic ,
Date of publication, distribution, etc. 2013
300 ## - PHYSICAL DESCRIPTION
Extent 14 unnumbered pages :
Other physical details color illustrations ;
Dimensions 19 cm .
490 ## - SERIES STATEMENT
Series statement Science Emergent Readers
505 ## - FORMATTED CONTENTS NOTE
Formatted contents note AA <br/>
520 ## - SUMMARY, ETC.
Summary, etc. Simple text and photographs present people making things move, from the bouncing of balls to the pedaling of bikes.
521 8# - TARGET AUDIENCE NOTE
Target audience note 10 <br/>
Source Lexile <br/>
521 8# - TARGET AUDIENCE NOTE
Target audience note AA <br/>
Source Raz-Plus <br/>
650 ## - SUBJECT ADDED ENTRY--TOPICAL TERM
Topical term or geographic name entry element sports
Form subdivision non-fiction
700 ## - ADDED ENTRY--PERSONAL NAME
Personal name Schimanski, Bryce
Relator term designer
942 ## - ADDED ENTRY ELEMENTS (KOHA)
Source of classification or shelving scheme Dewey Decimal Classification
Koha item type Books
Suppress in OPAC No
Holdings
Withdrawn status Lost status Source of classification or shelving scheme Damaged status Not for loan Collection Home library Current library Shelving location Date acquired Total Checkouts Full call number Barcode Date last seen Date last checked out Price effective from Koha item type
    Dewey Decimal Classification     Non-Fiction Footprints International School Library Network Toul Kork Campus Footprints International School Library Network Toul Kork Campus   02/15/2024 2 CAN 531.6 QC73.C36 FISTK00965 03/19/2024 03/04/2024 02/15/2024 Books